=LDR 00000nam 2200000 4500 =001 INLIS000000000047411 =005 20151106102112.0 =006 =007 =008 =020 ##$$a 979-526-393-5 =035 ##$$0010-111500000000015 =040 ##$$a ind =082 ##$$a 910.072 =090 ##$$a 910.072 $b Sum =100 ##$$a Sumaatmadja =245 ##$$a Metodologi Pengajaran =250 ##$$a cet. 1 =260 ##$$a jakarta $b bumi akasara $c 1997 =300 ##$$a xii, 141 hlm $b 20cm =850 ##$$a NBPDMAT =990 ##$$a 0001/BPAP-NTB/2015 =990 ##$$a 0001/BPAP-NTB/2016